Investigations Simplified Can You Stop it? (Record no. 249124)

MARC details
000 -LEADER
fixed length control field 00568nam a22001937a 4500
003 - CONTROL NUMBER IDENTIFIER
control field OSt
008 - FIXED-LENGTH DATA ELEMENTS--GENERAL INFORMATION
fixed length control field 250515b |||||||| |||| 00| 0 eng d
020 ## - INTERNATIONAL STANDARD BOOK NUMBER
International Standard Book Number 9789394525825
082 ## - DEWEY DECIMAL CLASSIFICATION NUMBER
Classification number 363.25 R4
100 ## - MAIN ENTRY--PERSONAL NAME
Personal name Vrushali Panhale
245 ## - TITLE STATEMENT
Title Investigations Simplified Can You Stop it?
Statement of responsibility, etc Vrushali Panhale; Shruti Nair; Prachita Walankar
250 ## - EDITION STATEMENT
Edition statement 1st
260 ## - PUBLICATION, DISTRIBUTION, ETC. (IMPRINT)
Place of publication, distribution, etc New Delhi
Name of publisher, distributor, etc CBS Publishers and Distributors Pvt. Ltd
Date of publication, distribution, etc 2024
650 ## - SUBJECT ADDED ENTRY--TOPICAL TERM
Form subdivision Physiotherapy
General subdivision Investigations Simplified
942 ## - ADDED ENTRY ELEMENTS (KOHA)
Item type Books
Source of classification or shelving scheme Dewey Decimal Classification
Holdings
Withdrawn status Lost status Damaged status Permanent location Current location Shelving location Date acquired Source of acquisition Cost, normal purchase price Full call number Barcode Date last seen Koha item type
      CENTRAL LIBRARY, NOORUL ISLAM CENTRE FOR HIGHER EDUCATION CENTRAL LIBRARY, NOORUL ISLAM CENTRE FOR HIGHER EDUCATION General stacks 05/15/2025 Masters Books and Distributors 595.00 363.25 R4 84317 05/15/2025 Books
      CENTRAL LIBRARY, NOORUL ISLAM CENTRE FOR HIGHER EDUCATION CENTRAL LIBRARY, NOORUL ISLAM CENTRE FOR HIGHER EDUCATION General stacks 05/15/2025 Masters Books and Distributors 595.00 363.25 R4 84318 05/15/2025 Books
      CENTRAL LIBRARY, NOORUL ISLAM CENTRE FOR HIGHER EDUCATION CENTRAL LIBRARY, NOORUL ISLAM CENTRE FOR HIGHER EDUCATION General stacks 05/15/2025 Masters Books and Distributors 595.00 363.25 R4 84319 05/15/2025 Books
      CENTRAL LIBRARY, NOORUL ISLAM CENTRE FOR HIGHER EDUCATION CENTRAL LIBRARY, NOORUL ISLAM CENTRE FOR HIGHER EDUCATION General stacks 05/15/2025 Masters Books and Distributors 595.00 363.25 R4 84320 05/15/2025 Books
      CENTRAL LIBRARY, NOORUL ISLAM CENTRE FOR HIGHER EDUCATION CENTRAL LIBRARY, NOORUL ISLAM CENTRE FOR HIGHER EDUCATION General stacks 05/15/2025 Masters Books and Distributors 595.00 363.25 R4 84321 05/15/2025 Books
      CENTRAL LIBRARY, NOORUL ISLAM CENTRE FOR HIGHER EDUCATION CENTRAL LIBRARY, NOORUL ISLAM CENTRE FOR HIGHER EDUCATION General stacks 05/15/2025 Masters Books and Distributors 595.00 363.25 R4 84322 05/15/2025 Books
Visitors:
Copyright © 2024 Central Library NICHE.  All rights reserved.